Online
Catalog

El primer hombre de Roma / (Record no. 3595)

MARC details
000 -CABECERA
campo de control de longitud fija 00715cam a2200217 a 4500
001 - NÚMERO DE CONTROL
campo de control 000003773
005 - FECHA Y HORA DE LA ÚLTIMA TRANSACCIÓN
campo de control 20200929150550.0
008 - DATOS DE LONGITUD FIJA--INFORMACIÓN GENERAL
campo de control de longitud fija 900418s1997 sp ab 001 1 spa
020 ## - NÚMERO INTERNACIONAL ESTÁNDAR DEL LIBRO
Número Internacional Estándar del Libro 8408012053
040 ## - FUENTE DE LA CATALOGACIÓN
Centro catalogador/agencia de origen DO-SdBNP
Lengua de catalogación spa
Centro/agencia transcriptor BNPHU
082 ## - NÚMERO DE LA CLASIFICACIÓN DECIMAL DEWEY
Número de clasificación 823.94
Número de documento/Ítem M133p
100 1# - ENTRADA PRINCIPAL--NOMBRE DE PERSONA
Nombre de persona McCullough, Colleen,
Fechas asociadas al nombre 1937-
9 (RLIN) 11478
245 13 - MENCIÓN DE TÍTULO
Título El primer hombre de Roma /
Mención de responsabilidad, etc. Colleen McCullough ; traducción, Francisco Martín.
260 ## - PUBLICACIÓN, DISTRIBUCIÓN, ETC.
Lugar de publicación, distribución, etc. Barcelona :
Nombre del editor, distribuidor, etc. Planeta,
Fecha de publicación, distribución, etc. 1997.
300 ## - DESCRIPCIÓN FÍSICA
Extensión 896 p. :
Otras características físicas il., mapas ;
Dimensiones 22 cm.
440 #0 - MENCIÓN DE SERIE/PUNTO DE ACCESO ADICIONAL--TÍTULO
Título Bolsillo;
Designación de volumen o secuencia no. 501
9 (RLIN) 11479
504 ## - NOTA DE BIBLIOGRAFÍA, ETC.
Nota de bibliografía, etc. Incluye índice
534 ## - NOTA SOBRE LA VERSIÓN ORIGINAL
Encabezamiento principal del original Tíltulo original: The first man in Rome
650 #4 - PUNTO DE ACCESO ADICIONAL DE MATERIA--TÉRMINO DE MATERIA
Término de materia o nombre geográfico como elemento de entrada Literatura australiana
9 (RLIN) 11480
700 1# - PUNTO DE ACCESO ADICIONAL--NOMBRE DE PERSONA
Nombre de persona Martín, Francisco
Término indicativo de función/relación tr.
9 (RLIN) 11215
Holdings
Estado de retiro Estado de pérdida Restricciones de uso No para préstamo Código de colección Localización permanente Ubicación/localización actual Ubicación en estantería Fecha de adquisición Número de inventario Total de préstamos Signatura topográfica completa Código de barras Fecha visto por última vez Precio válido a partir de Tipo de ítem Koha
    Préstamo interno   Monografías: Libros y Folletos General General Depósito 13.07.2009 LF1   823.94 M133p 3773-10 25.06.2020 25.06.2020 Préstamo interno

Powered by Koha